Telivsion nashriyat: tareekh, tehreer, technique (Record no. 416556)

MARC details
000 -LEADER
fixed length control field 00845nam a2200265Ia 4500
003 - CONTROL NUMBER IDENTIFIER
control field OSt
005 - DATE AND TIME OF LATEST TRANSACTION
control field 20220924123636.0
008 - FIXED-LENGTH DATA ELEMENTS--GENERAL INFORMATION
fixed length control field 220923b |||||||| |||| 00| 0 urd d
020 ## - INTERNATIONAL STANDARD BOOK NUMBER
International Standard Book Number 9787860008421 (hb)
037 ## - SOURCE OF ACQUISITION
Terms of availability Textual
040 ## - CATALOGING SOURCE
Original cataloging agency ARTS
Transcribing agency ARTS
Language of cataloging urd
041 ## - LANGUAGE CODE
Source of code urd
Language code of text/sound track or separate title urd
100 ## - MAIN ENTRY--PERSONAL NAME
Personal name Usmani Anjum Au.
9 (RLIN) 193367
245 #0 - TITLE STATEMENT
Title Telivsion nashriyat: tareekh, tehreer, technique
260 ## - PUBLICATION, DISTRIBUTION, ETC.
Place of publication, distribution, etc. New Delhi
Name of publisher, distributor, etc. Faisal international India
Date of publication, distribution, etc. 2008
300 ## - PHYSICAL DESCRIPTION
Extent 240p.
Dimensions cm.
650 ## - SUBJECT ADDED ENTRY--TOPICAL TERM
Topical term or geographic name entry element JOURNALISM
9 (RLIN) 29614
942 ## - ADDED ENTRY ELEMENTS (KOHA)
Classification part 4,42, 168P8
Koha item type Textual
Source of classification or shelving scheme Colon Classification (CC)
Holdings
Withdrawn status Lost status Damaged status Not for loan Home library Current library Date acquired Source of acquisition Total Checkouts Full call number Barcode Date last seen Price effective from Koha item type
        Arts Library Arts Library 2022-09-24 TB4998, 29/12/2021, Technical Bureau India Pvt. Ltd.   4,42 168P8 AL1666402 2022-09-24 2022-09-24 Textual
Copyright @ Delhi University Library System